[Event "Oregon Class Championship"]
[Site "?"]
[Date "2022.11.05"]
[Round "2"]
[White "Lewis, Kai"]
[Black "Nobles, Will"]
[Result "1-0"]
[WhiteElo "1620"]
[BlackElo "1710"]
[Annotator "Wilson Gibbins"]
[PlyCount "97"]
[EventDate "2022.??.??"]

{[%evp 0,97,30,22,22,3,37,29,13,24,21,29,20,33,33,32,67,45,39,35,67,-13,14,-16,
-16,-35,28,6,0,0,0,0,34,43,43,43,50,-144,-140,-142,-147,-231,-235,-433,-433,
-418,-231,-234,-231,-234,-229,-236,-168,-286,-244,-244,-212,-254,-254,-260,
-248,-219,-161,-161,-96,-101,-106,-133,-103,-109,-106,-143,-106,-93,-21,-14,0,
0,0,0,0,-11,-11,-37,-21,-34,0,-51,-51,-51,-25,-58,-48,-114,552,557,571,571,571,
558]} {This round 2 game between the eventual class B winners is a
back-and-forth affair that finally resolves in favor of Kai Lewis. Undaunted,
Will Nobles goes on to win his next three games, allowing him to catch Kai who
took half-point byes in rounds 4 and 5.} 1. e3 {Not the most theoretically
critical line, but White has lots of chances to transpose into other openings
depending on Black's next moves.} e5 2. c4 {For example, transposing to the
English opening.} c6 {Transposing to a Reversed Alapin Sicilian} 3. Nc3 Nf6 4.
d4 exd4 5. exd4 d5 6. Nf3 Bd6 7. Bg5 dxc4 8. Bxc4 {Chessbase classified this
game as ECO code D20 - the Queen's Gambit Accepted. Why wasn't it classified
A20, the ECO code for the English line 1.c4 e5 2.e3 or even A00, the
classification code for the 1.e3 opening? Because this position could have
been reached through the move order 1.d4 d5 2.c4 dxc4 3.e3 e5 4.Bxc4 exd4 5.
exd4 6.Nc3 c6 7.Nf3 Bd6 8.Bg5, an unlikely Queen's Gambit accepted line that
has also been reached through the French Defense move order 1.e4 e6 2.d4d5 3.
exd5 exd5 4.Nf3 Bd6 5.c4 c6 6.Nc3 Nf6 7.Bg5 dxc4 8.Bxc4. Chess is a maze of
twisty passages, all alike.} O-O 9. O-O Nbd7 10. d5 $6 {A little impatient,
allowing Black equality. The isolated d-pawn will be hard for Black to attack,
so White has no need to hurry to liquidate the supposed weakness.} (10. Re1 Nb6
11. Bb3 Bf5 ({I'd be tempted to play} 11... Bg4 {as} 12. h3 Bh5 13. g4 Bg6 14.
Ne5 {appears to weaken White's kingside, but Stockfish loves White's position.}
) 12. Ne5 {gives White a decent attacking formation}) 10... Nb6 $1 11. Bb3 cxd5
12. h3 Re8 (12... Be6 {is also a fine move, defending the newly won pawn on d5.
But Stockfish says it 0.00, a sign that it believes that best play for both
sides will result in a three-fold repetition. A sample repetition line is} 13.
Qd3 Rc8 14. Rad1 Re8 15. Nd4 h6 16. Bh4 Be7 17. Nxe6 fxe6 18. Qe2 Bc5 19. Ne4
Be7 20. Nc3 Bc5 21. Ne4 Be7 {which looks artificial to me, but Stockfish is
always right and I am always wrong.}) 13. Bxf6 Qxf6 14. Nxd5 Nxd5 15. Qxd5 $11
Bf5 16. Rad1 Rad8 17. Qxb7 Be4 18. Qxa7 $2 (18. Bd5 $1 $11 Bxf3 19. Bxf3 Rb8 (
19... g6 20. Qxa7 $2 Qf4 {requires White to sacrifice the exchange with} 21.
Rxd6) 20. Qc6 Red8 21. b3 {may be drawn despite White's extra pawn due to the
opposite colored bishops.}) 18... Bxf3 $1 19. gxf3 Qf4 20. Rxd6 ({The other
way to prevent Black from playing 20...Qh2 checkmate is} 20. Qxf7+ Qxf7 21.
Bxf7+ Kxf7 {Stockfish likes Black's position to the tune of -4.5, but it looks
like there is a lot of work for Black to do before claiming the point. Black
has the wrong Rook pawn for the dark-squared bishop, so either Stockfish has
high hopes for the g-pawn or is hoping to tie White down by aiming all Black's
pieces at the pawn on f2 and then picking off whatever loose pawns it can find.
}) 20... Rxd6 {Black's extra exchange and White's broken kingside pawns
support Stockfish's assessment of an overwhelming Black advantage. But there
is no immediate mate, so White has reasons for hope. His attack on Black's f7
square ties Black down. And though White's connected passed pawns on the
queenside are no immediate threat, if he can ever get them rolling...} 21. Qb7
Rg6+ 22. Kh1 Rh6 23. Qd7 Qxf3+ 24. Kh2 Qf4+ 25. Kh1 Qe4+ 26. Kh2 Qe5+ {Black
has plenty of moves that do not spoil his advantage, but not many moves that
make progress, and most of them seem require aiming toward magical computer
piece arrangements. If you don't believe in magical computer piece
arrangements, you can save time by skipping the following analysis.} ({One
magical piece arrangement example is} 26... Rf8 {Normally you don't want rooks
playing defense - they are great attackers and less than ideal defenders. But
the f7 pawn needs all the help it can get.} 27. Rd1 Qf3 28. Rd2 ({
Alternatively, defending the pawn with} 28. Rf1 {leads to the loss of the
b-pawn after} Qe2 29. Qd1 Qxb2) 28... Rxh3+ 29. Qxh3 Qf4+ 30. Kg2 Qxd2 {
makes progress, as the only way White can defend his b-pawn is to break up the
connected passed pawns.} 31. Qc3 Qxc3 32. bxc3) 27. Kh1 Re7 28. Qd8+ Re8 29.
Qd7 Rf6 30. f3 Qe2 31. Bc4 Qe7 $2 {We are taught to trade piecesl when we are
material up. But in this case, removing the queens means that White's broken
kingside pawn shelter is no longer a defensive problem. This allows White's
connected passed pawns on the queenside to come into their own. Black is still
better, but White has now has clear reasons for hope. For Ted Lasso fans, this
is a time to Believe, not the time for "It's the hope that kills you."} 32.
Qxe7 Rxe7 33. Rf2 g5 {I mentioned earlier my belief that Rooks are great
attackers but less than ideal defenders. So I support Black's attempt to mount
an attack.} ({Stockfish prefers trying to slow down White's queenside pawns
with} 33... Ra7 34. b3 Ra3 {This seems defensive to me, but perhaps I should
view it as an attack on the a2 pawn, combining attack with defense.}) 34. b3
Re3 35. Kg2 h5 36. a4 Kg7 ({The last chance to slow down White's queenside
pawns is} 36... Rf5 $1 $17 37. b4 ({if White tries to pass with a move that
maintains the status quo like} 37. Kg3 Kg7 38. Kg2 h4 39. Rf1 Kf6 40. Rf2 Rc3
41. Rf1 Ke7 42. Re1+ Kd6 43. Rf1) 37... Rf4 {and White gets to choose whether
Black will win a pawn a pawn on b4 or f3} 38. Rc2 (38. Bd5 Rxb4) 38... Rfxf3)
37. a5 $1 $11 Rd6 $6 (37... Rc3 38. a6 Rxc4 39. bxc4 Rxa6 40. c5 Rc6 41. Rc2
$11 {Yeah, in Rook endings there are always plenty of mistakes for either side
to make, so the game isn't quite over. But Stockfish says that both sides
multiple moves to maintain equality - not one of those "narrow path to a draw"
positions.}) 38. a6 $1 $14 Re7 $2 39. Ra2 (39. b4 $1 $16) 39... Ra7 $1 $11 40.
Ra5 Kg6 41. Ra2 f6 42. Kg3 f5 43. Re2 f4+ 44. Kf2 Kf5 45. Re8 Rd2+ 46. Re2 $2
Rad7 $4 {A heartbreaking finish to a hard-fought game.} (46... Rxe2+ $1 $17 47.
Bxe2 Ke5 48. b4 Kd5 49. b5 Kc5 {Black's king blocks the pawns on light squares,
so the light-squared bishop can't break the blockade.}) 47. Be6+ $1 Kf6 48.
Bxd7 Rxd7 49. b4 1-0

[Event "Oregon Class Championship"]
[Site "?"]
[Date "2022.11.06"]
[Round "4"]
[White "Nobles, Will"]
[Black "Uan-Zo-Li, Alexander"]
[Result "1-0"]
[WhiteElo "1710"]
[BlackElo "1773"]
[Annotator "Wilson Gibbins"]
[PlyCount "71"]
[EventDate "2022.??.??"]

{[%evp 0,71,28,28,22,28,34,15,31,4,-8,8,8,-5,16,-20,0,5,18,-3,8,1,9,8,31,-4,23,
21,35,44,61,80,82,86,98,52,92,63,73,73,71,55,272,129,198,188,183,74,88,67,85,
85,144,95,153,122,189,217,214,274,314,321,322,176,183,199,193,164,2002,2879,
2230,2713,29979,29980]} 1. e4 e5 2. Nf3 Nc6 3. Bb5 a6 4. Ba4 Nf6 5. O-O d6 6.
Re1 Bg4 {In the Ruy Lopez, White often plays h2-h3 to prevent this pin before
advancing pawns in the center with c2-c3 and d2-d4. What happens if Black pins
this knight before White prevents it? Will demonstrates that White how to get
the central pawns rolling even when they are inhibited by a pin on the f3
knight.} 7. c3 {First, Will stops 7...Nc6-d4 which would intensify pressure on
the pinned knight. And the pawn on c3 will eventually support the d2-d4 pawn
push, it will just come a little later than it usually does in the Ruy Lopez.
Some the Ruy requires a little patience.} b5 8. Bc2 Be7 9. d3 {It appears that
White will lose time by taking two moves to get his pawn to d4. But he will
gain some time by attacking Black's light squared bishop, so it will turn out
fine in the end.} h6 10. Nbd2 {When I played the Ruy it took a lot of faith
for me to believe these positions were good for White. Black appears to have
more pieces developed than White, partly because White's bishop on c1 is going
nowhere fast. But it usually is reasonably well placed on c1. And the rook on
a1 isn't undeveloped, it is there to assist an a2-a4 pawn push. Development
means getting your pieces to good squares - if they are already on good
squares, you are under no obligation to move them.} O-O 11. h3 {White now gets
this standard Ruy move for free.} Bh5 12. Nf1 Nh7 13. Ng3 {This typical Ruy
maneuver gains additional time by attacking the bishop on h5.} Bg6 14. d4 {
White gets a normal Ruy position. Even though it took a little longer to get
there, it all turned out well in the end. White has a solid though not yet
winning advantage.} Bf6 15. d5 Ne7 16. h4 $5 {White has other good moves, but
this one creates some kingside action} (16. a4 {is also good, though not
better than what White played.}) 16... h5 {The best way of preventing 17.h4-h5
and winning Black's bishop on g6.} 17. Ng5 Nc8 (17... Bxg5 18. hxg5 f6 $14 {
holds White's advantage to a minimum.} 19. gxf6 (19. Nxh5 fxg5 {is messy but
about equal.}) 19... Nxf6) 18. Nxh7 Kxh7 19. Nxh5 Bxh4 20. g3 Bf6 $2 (20... Bg5
21. f4 Bh6 $16 {isn't pleasant for Black, but is better than the game
continuation}) 21. Kg2 Rh8 22. Rh1 Kg8 23. Qg4 Bxh5 24. Rxh5 Rxh5 25. Qxh5 {
White will need to shift some pieces to the kingside for an ongoing attack,
but his well placed queen and the open h-file means that Black will have a
difficult defense} Kf8 26. Be3 Ne7 27. f4 Ng6 ({Stockfish says} 27... exf4 $16
{is a better defensive try, but I would be reluctant to relinquish my e5
strong point and open lines around my king. Black's e5 pawn is keeping White's
bishop on c2 from contributing.}) 28. f5 Ne7 29. g4 Ng8 30. g5 Be7 31. g6 Nf6
32. Qh8+ Ng8 33. Rf1 f6 {It is tempting to try to lock the position as much as
possible, but Black needs the f6 square for his bishop to defend the pawn on
g7.} 34. Rh1 $1 Qd7 35. Rh7 $1 Bd8 36. Bh6 $1 {You don't need to see the mate
in 7 that Stockfish announces to understand the carnage that is about to occur
on g7} 1-0

[Event "WA Challenger's Cup"]
[Site "Seattle, WA"]
[Date "2022.11.06"]
[Round "4"]
[White "Arat, Yagiz"]
[Black "Pisan, Kai"]
[Result "0-1"]
[WhiteElo "1894"]
[BlackElo "1775"]
[Annotator "Kai Pisan"]
[PlyCount "96"]
[EventDate "2022.11.04"]
[EventRounds "5"]
[EventCountry "USA"]

1. c4 Nf6 {This was a fascinating game in the English opening and both sides
had many different chances. Although Black took the advantage pretty early on,
there are lots of hidden tactical and strategic ideas. This was a marathon of
a game, lasting around three hours, and a crucial win for me in the tournament.
} 2. Nc3 e6 3. g3 d5 4. cxd5 $6 {This already gave me a pretty easy game, as
it allowed for a strong d5 and c6 pawn center. It also helped me play against
the English bishop.} exd5 5. d4 c6 6. Bg2 Bf5 7. Nf3 Bd6 8. Nh4 $5 {This was a
surprise from my opponent, as I had been thinking about 0-0 or possible Qb3
variations. I did not want to give up the light-squared bishop, even though
preserving it would not allow me to maintain my grasp of the critical e4
square.} Be6 9. O-O Qc8 $6 {The engine dislikes this move, but in the game, I
thought it was an interesting plan because I could play both …Nbd7 and
prepare to trade off the light-squared bishops. I was also worried about
possible f4 ideas and my bishop having to be evacuated from e6.} 10. Bg5 Nbd7
11. f4 $6 {Over the board I did not think this move was good because I could
simply play h6 and get the bishop for the knight; it also weakened White’s
king on the g1 to a7 diagonal.} h6 12. Bxf6 Nxf6 13. f5 Bd7 14. e4 $1 {White
took an aggressive strategy because Black’s king was still in the center. It
looked quite dangerous for me to short castle, so I decided to opt for moving
my king queenside, after dealing with the center tension.} dxe4 15. Nxe4 Nxe4
16. Bxe4 Qc7 17. b4 $6 {Another aggressive ploy by White to keep Black’s
king exposed. On closer inspection however, it simply gave away a pawn.
Although grabbing it immediately is not one of the engine’s top choices, it
still gave Black many practical chances if the king could be brought to safety.
} Bxb4 18. Kh1 $4 {An odd choice, especially since White needed to play
actively as they were a pawn down. Better would have been Qb3 or Rb1.} O-O-O
19. Rb1 Ba5 20. Rf2 $6 {Black is now winning due to the fact that White’s
pieces are in disarray and White is down material. This plan of Rf2, although
a smart way to stack the rooks, is not fast enough for the position’s needs.}
Rhe8 21. Qf3 Bb6 22. Rfb2 Bxd4 {A critical decision point here. If Black did
not take on d4, then d5 and the light squares around Black’s king being
weakened would be constantly looming. On the other hand, even then I knew that
taking on d4 would lead to a long, complicated, drawn-out ending of two rooks
versus the queen. In hindsight, …Qd6 or …Kb8 might have been better,
although I think simplifying the position down makes it easier to play.} 23.
Rxb7 Qxb7 24. Rxb7 Kxb7 25. Ng2 Re7 26. Qd3 Bb6 27. a4 $4 {White finally gave
way to the pressure and blundered a discovery. This led to an even more
winning endgame for Black, with two rooks and a bishop versus a queen. It is
also a nice tactical motif.} Bxf5 $1 28. Bxc6+ Kxc6 29. Qb5+ Kb7 30. Qxf5 Rd1+
31. Ne1 Rdxe1+ 32. Kg2 R1e5 33. Qf3+ {Here I was perplexed by how to get my
king safe, but saw that if I somehow got it to g8, my wall of pawns would be
enough protection.} Kc7 34. Qf4 Kd8 35. Qf3 f6 36. Qb3 R7e6 37. Kh3 Ke7 38. Kh4
Kf8 39. a5 $1 {I saw this move, although I deemed it not dangerous because my
rooks were protecting my bishop and my king was no longer at risk. However, it
is White’s best option.} Bxa5 40. Qb8+ Kf7 41. Qxa7+ Re7 42. Qa6 g6 43. Kh3
Kg7 {With the problem of my king out of the way, I could finally go on the
offensive and maneuver my pieces to their optimal squares.} 44. Kh4 Bd2 45. Kg4
h5+ 46. Kh3 g5 47. Qd3 Re2 $1 {A beautiful zugzwang. I still had to calculate
it carefully, however, as stalemate traps such as Qh7!! could have worked if
White had not had a g pawn. This also forces the winning of White’s queen
because of the encroaching …g4+, …Rh2 checkmate threat.} 48. g4 R7e3+ 0-1